| 000 | 01112nam a2200253Ia 4500 | ||
|---|---|---|---|
| 999 |
_c38315 _d38315 |
||
| 001 | 4325 | ||
| 003 | GE_BSU | ||
| 005 | 20191002160111.0 | ||
| 008 | 181216s2004||||ge |||||||||||||| ||geo|| | ||
| 020 | _a9994016709 | ||
| 040 | _cGE_BSU | ||
| 041 | _ageo | ||
| 080 | _a94(479.22) ც-87 | ||
| 100 |
_aცოცანიძე, გიორგი _94453 |
||
| 245 |
_aთუშური ქრონიკები : _bმენშევიკური პერიოდი ; სამანელები / _cრედ.: მარინა თაბუკაშვილი ; მხატვ.: ნანა ჭურღულია |
||
| 264 |
_a თბ. : _bდიოგენე, _c2004. |
||
| 300 |
_a137 გვ.; _b23 სმ. |
||
| 504 | _aბიბლიოგრ.: გვ. 115-116. | ||
| 520 | _aრეზ. ინგლ. ენ. | ||
| 653 | _aთუშეთის ისტორია | ||
| 700 |
_aთაბუკაშვილი, მარინა _eრედაქტორი _94454 |
||
| 700 |
_aჭურღულია, ნანა _eმხატვარი _94455 |
||
| 942 |
_cBK _2udc |
||